000 00289nam a22001097a 4500
082 _a320/CHA
100 _aChatterjee,Kingshuk
_983917
245 _aPolitical Faultlines in the Middle East
260 _aNew Delhi
_bKW Publication
_c2021
650 _aPolitical Scince
_91819
942 _cBK
999 _c68924
_d68924